[Event "4NCL Division 1 & 2"]
[Site "Milton Keynes, ENG"]
[Date "2021.11.27"]
[Round "1.47"]
[White "Wall, Tim P"]
[Black "Pollack, Oscar"]
[Result "1-0"]
[WhiteElo "2259"]
[BlackElo "2134"]
[PlyCount "89"]
[EventDate "2021.11.27"]
[WhiteTeam "Chessable White Rose 1"]
[BlackTeam "Barnet Knights A"]

1. e4 e6 2. d4 d5 3. exd5 exd5 4. Nf3 Nc6 5. Bb5 Bd6 6. c4 dxc4 7. d5 a6 8. Ba4
b5 9. dxc6 bxa4 10. O-O Ne7 11. Nbd2 O-O 12. Nxc4 Nxc6 13. Qxa4 Bd7 14. Nxd6
cxd6 15. Qf4 Ne5 16. Bd2 Bb5 17. Rfb1 Rc8 18. Bc3 Rc4 19. Nd4 Qb6 20. Rd1 Rfc8
21. Qg3 Bd7 22. h3 Qd8 23. Rd2 h5 24. Rad1 h4 25. Qf4 Ba4 26. Re1 Ng6 27. Qe3
Qc7 28. Rde2 Re8 29. Qd2 Rxe2 30. Rxe2 Rc5 31. Nf3 Bb5 32. Re1 Bc6 33. Qd4 f6
34. Bb4 Rd5 35. Qc4 Qb7 36. Rc1 Bb5 37. Qg4 Be2 38. Qe6+ Kh7 39. Qxe2 Qxb4 40.
Rc4 Qb7 41. Qc2 Rh5 42. Nxh4 Rg5 43. Rg4 Rxg4 44. hxg4 Qf7 45. Qf5 1-0

[Event "4NCL Division 1 & 2"]
[Site "Milton Keynes, ENG"]
[Date "2021.11.27"]
[Round "1.48"]
[White "Willmoth, Robert F"]
[Black "Townsend, M Paul"]
[Result "0-1"]
[WhiteElo "2134"]
[BlackElo "2253"]
[PlyCount "126"]
[EventDate "2021.11.27"]
[WhiteTeam "Barnet Knights A"]
[BlackTeam "Chessable White Rose 1"]

1. Nf3 Nf6 2. e3 e6 3. b3 d5 4. Bb2 Be7 5. d4 O-O 6. Nbd2 c5 7. Bd3 b6 8. Ne5
Bb7 9. Qf3 Nc6 10. a3 cxd4 11. exd4 Nxe5 12. dxe5 Nd7 13. Qh3 h6 14. O-O Nc5
15. Be2 Rc8 16. Rac1 Ne4 17. Nxe4 dxe4 18. Rfd1 Qc7 19. c4 Bg5 20. Rb1 Rfd8 21.
Qc3 Qc6 22. Rxd8+ Rxd8 23. Rd1 Rxd1+ 24. Bxd1 Qd7 25. Qd4 Qxd4 26. Bxd4 Bc1 27.
a4 Ba3 28. a5 Bc5 29. Bc3 e3 30. fxe3 Bxe3+ 31. Kf1 bxa5 32. Bxa5 Bf4 33. Bc3
Bxh2 34. Kf2 Bf4 35. Bf3 Bxf3 36. Kxf3 Bg5 37. b4 Be7 38. c5 Kf8 39. c6 Ke8 40.
Ke4 Kd8 41. Kd4 a6 42. Kc4 Kc7 43. b5 axb5+ 44. Kxb5 h5 45. Ba5+ Kc8 46. Be1 g5
47. Bf2 h4 48. Be3 g4 49. Bf2 h3 50. gxh3 gxh3 51. Bg3 Bh4 52. Bh2 Bf2 53. Kc4
Kc7 54. Kd3 Kxc6 55. Ke4 Kc5 56. Kf3 Bd4 57. Kg4 Kd5 58. Kxh3 Bxe5 59. Bg1 Ke4
60. Kg2 f5 61. Bb6 Bd4 62. Bc7 e5 63. Kf1 Kf3 0-1

[Event "4NCL Division 1 & 2"]
[Site "Milton Keynes, ENG"]
[Date "2021.11.27"]
[Round "1.51"]
[White "Mulleady, Peter J"]
[Black "Pert, Nicholas"]
[Result "0-1"]
[WhiteElo "2009"]
[BlackElo "2544"]
[PlyCount "94"]
[EventDate "2021.11.27"]
[WhiteTeam "Manchester Manticores 1"]
[BlackTeam "Cheddleton"]

1. e4 c5 2. d4 cxd4 3. c3 Nf6 4. e5 Nd5 5. Qxd4 e6 6. Nf3 Nc6 7. Qe4 f5 8. Qe2
Qc7 9. g3 b6 10. Bg2 Ncb4 11. c4 Ba6 12. Na3 Rc8 13. O-O Bxc4 14. Nxc4 Qxc4 15.
Qxc4 Rxc4 16. a3 Nc6 17. Bd2 g6 18. Rac1 Rxc1 19. Rxc1 Bg7 20. Re1 O-O 21. Bf1
h6 22. Ba6 g5 23. Bb7 Nde7 24. Bc3 Rb8 25. Bxc6 Nxc6 26. Nd2 b5 27. Nb3 Rc8 28.
f4 gxf4 29. gxf4 Ne7 30. Rc1 Nd5 31. Bd2 Rxc1+ 32. Nxc1 Bf8 33. Nd3 d6 34. Kf2
dxe5 35. Nxe5 Bd6 36. Kf3 Bxe5 37. fxe5 Kg7 38. b3 a6 39. a4 Ne7 40. axb5 axb5
41. Ke3 Nc6 42. Bc3 Kg6 43. Kf4 Ne7 44. Bd2 Kh5 45. Ke3 Nc6 46. Bc3 Kg4 47. Kf2
f4 0-1

[Event "4NCL Division 1 & 2"]
[Site "Milton Keynes, ENG"]
[Date "2021.11.27"]
[Round "1.52"]
[White "Kirk, Ezra"]
[Black "Newton, Robert A"]
[Result "1-0"]
[WhiteElo "2435"]
[BlackElo "1977"]
[PlyCount "79"]
[EventDate "2021.11.27"]
[WhiteTeam "Cheddleton"]
[BlackTeam "Manchester Manticores 1"]

1. e4 c5 2. Nf3 d6 3. Bb5+ Bd7 4. c4 g6 5. d4 Bg7 6. Bxd7+ Nxd7 7. d5 b5 8. O-O
Ngf6 9. Nbd2 bxc4 10. Nxc4 O-O 11. Qc2 a5 12. Bd2 a4 13. Rad1 Ra6 14. Bc3 Qa8
15. Rfe1 Nb6 16. Na3 Rd8 17. Re3 Bh6 18. Ree1 Bf8 19. Qe2 Ra7 20. Nd2 Nfxd5 21.
exd5 Nxd5 22. Nf3 Nxc3 23. bxc3 Rb7 24. c4 h6 25. Nb5 Rbd7 26. Nc3 e6 27. Ne4
Be7 28. Qe3 Kg7 29. Qc3+ Kg8 30. Nf6+ Bxf6 31. Qxf6 Qc8 32. h4 Kh7 33. Re3 Rg8
34. Red3 Qf8 35. Ne5 Rb7 36. Rxd6 Rb1 37. Rxb1 Qxd6 38. Nxf7 Qd3 39. Ng5+ hxg5
40. Rb7+ 1-0

[Event "4NCL Division 1 & 2"]
[Site "Milton Keynes, ENG"]
[Date "2021.11.27"]
[Round "1.53"]
[White "Kay, Lee P"]
[Black "Thorfinnsson, Bragi"]
[Result "0-1"]
[WhiteElo "1972"]
[BlackElo "2417"]
[PlyCount "84"]
[EventDate "2021.11.27"]
[WhiteTeam "Manchester Manticores 1"]
[BlackTeam "Cheddleton"]

1. f4 d5 2. Nf3 Nf6 3. g3 c5 4. Bg2 Nc6 5. O-O Qc7 6. d3 Bg4 7. Na3 O-O-O 8. c4
Bxf3 9. Bxf3 e6 10. Qa4 h5 11. e4 dxe4 12. dxe4 a6 13. e5 Ng4 14. Bxc6 Qxc6 15.
Qxc6+ bxc6 16. Nc2 Rd3 17. Ne1 Rd4 18. Nf3 Rxc4 19. h3 Nh6 20. b3 Rc2 21. Rf2
Rxf2 22. Kxf2 Be7 23. Be3 Nf5 24. Rc1 h4 25. gxh4 Bxh4+ 26. Nxh4 Rxh4 27. Rh1
Kc7 28. Kf3 Nxe3 29. Kxe3 Kb6 30. Kf3 Rh8 31. Kg4 Rd8 32. Rh2 a5 33. h4 a4 34.
bxa4 c4 35. h5 Kc5 36. f5 Rd4+ 37. Kg5 exf5 38. Kxf5 c3 39. h6 gxh6 40. Kf6 Rd2
41. Rh1 c2 42. Rc1 Rf2+ 0-1

[Event "4NCL Division 1 & 2"]
[Site "Milton Keynes, ENG"]
[Date "2021.11.27"]
[Round "1.54"]
[White "Thorfinnsson, Bjorn"]
[Black "Hymer, Barry"]
[Result "1-0"]
[WhiteElo "2390"]
[BlackElo "1980"]
[PlyCount "63"]
[EventDate "2021.11.27"]
[WhiteTeam "Cheddleton"]
[BlackTeam "Manchester Manticores 1"]

1. d4 d6 2. Nf3 Nd7 3. e4 e5 4. dxe5 dxe5 5. Bc4 c6 6. O-O Be7 7. a3 Ngf6 8.
Qe2 O-O 9. Nbd2 Qc7 10. Rd1 b5 11. Ba2 Nc5 12. h3 a5 13. b3 Ne6 14. Bb2 Nf4 15.
Qe3 Ng6 16. Nf1 c5 17. Ng3 c4 18. bxc4 bxc4 19. Qc3 Bb7 20. Nxe5 Bd6 21. Nxg6
Bxg3 22. Qxg3 Qxg3 23. Ne7+ Kh8 24. fxg3 Nxe4 25. Bxc4 Nxg3 26. Kh2 Nh5 27. g4
Nf4 28. Nf5 f6 29. Nxg7 Be4 30. Rd4 Bxc2 31. Rxf4 Kxg7 32. g5 1-0

[Event "4NCL Division 1 & 2"]
[Site "Milton Keynes, ENG"]
[Date "2021.11.27"]
[Round "1.55"]
[White "Lyth, John D"]
[Black "Arkell, Keith C"]
[Result "0-1"]
[WhiteElo "1949"]
[BlackElo "2367"]
[PlyCount "106"]
[EventDate "2021.11.27"]
[WhiteTeam "Manchester Manticores 1"]
[BlackTeam "Cheddleton"]

1. d4 d6 2. g3 c5 3. dxc5 Qa5+ 4. Nc3 Qxc5 5. Bg2 Nf6 6. Nf3 g6 7. Qd4 Qxd4 8.
Nxd4 a6 9. Bg5 Nbd7 10. h3 Bg7 11. O-O-O h6 12. Be3 O-O 13. Nb3 a5 14. Nd4 Nc5
15. Ndb5 Rb8 16. a3 Bd7 17. Nc7 Rfd8 18. N7d5 Nxd5 19. Nxd5 Kf8 20. Nb6 Be6 21.
Bd5 Nd7 22. Nxd7+ Rxd7 23. Bd4 Bxd4 24. Rxd4 Bxd5 25. Rxd5 b5 26. Rhd1 Rb6 27.
R1d3 e6 28. Rc5 Ke7 29. Rc8 d5 30. g4 Kf6 31. e4 Kg5 32. exd5 Rxd5 33. Rxd5+
exd5 34. Rc5 Kh4 35. Rc3 Rf6 36. Kd2 Rxf2+ 37. Ke3 Rh2 38. Kd4 b4 39. axb4 axb4
40. Rb3 Rxc2 41. Kxd5 Rh2 42. Ke5 Rxh3 43. Rxb4 Kg5 44. Re4 Rb3 45. Re2 Kxg4
46. Rg2+ Kh3 47. Rc2 Rb6 48. Rf2 f5 49. Rc2 Kg4 50. Rc4+ Kg5 51. b4 f4 52. Ke4
Kg4 53. Ke5 g5 0-1

[Event "4NCL Division 1 & 2"]
[Site "Milton Keynes, ENG"]
[Date "2021.11.27"]
[Round "1.56"]
[White "Eggleston, David J"]
[Black "Pelling, Kyle"]
[Result "1-0"]
[WhiteElo "2346"]
[BlackElo "1907"]
[PlyCount "63"]
[EventDate "2021.11.27"]
[WhiteTeam "Cheddleton"]
[BlackTeam "Manchester Manticores 1"]

1. e4 c6 2. d4 d5 3. e5 c5 4. dxc5 Nc6 5. Nf3 Bg4 6. c3 e6 7. b4 Nge7 8. Bb5
Ng6 9. h3 Bxf3 10. Qxf3 Ngxe5 11. Qg3 Ng6 12. O-O Be7 13. Nd2 O-O 14. Rb1 Rc8
15. Nf3 Bf6 16. Ng5 Qc7 17. Qg4 Qe7 18. Bd2 h6 19. Nf3 Rfd8 20. Rfe1 b6 21.
cxb6 axb6 22. Qg3 Qc7 23. Qg4 Kh8 24. Qh5 d4 25. c4 e5 26. Rbc1 Ra8 27. c5 Nce7
28. Bc4 Nd5 29. Bb3 Kg8 30. Qg4 Rab8 31. Qe4 Ra8 32. Bxd5 1-0

[Event "4NCL Division 1 & 2"]
[Site "Milton Keynes, ENG"]
[Date "2021.11.27"]
[Round "1.57"]
[White "Whitehead, Mark A"]
[Black "Boswell, Jacob Connor"]
[Result "0-1"]
[WhiteElo "1944"]
[BlackElo "2040"]
[PlyCount "72"]
[EventDate "2021.11.27"]
[WhiteTeam "Manchester Manticores 1"]
[BlackTeam "Cheddleton"]

1. e4 c5 2. Nf3 e6 3. d3 Nc6 4. g3 Be7 5. Bg2 a6 6. O-O b5 7. Nbd2 Bb7 8. Re1
d6 9. c3 Nf6 10. Qe2 O-O 11. Nf1 Qb6 12. h4 Ne5 13. N1h2 Rac8 14. Bf4 Nfd7 15.
Rad1 c4 16. Nxe5 Nxe5 17. Bxe5 dxe5 18. Ng4 cxd3 19. Rxd3 Qc7 20. Red1 Bc6 21.
Ne3 Rb8 22. Kh2 Rfc8 23. f3 Be8 24. Bh3 Kf8 25. R1d2 Bc5 26. b4 Be7 27. a3 Qb6
28. Nd1 Rc7 29. Qe3 Qc6 30. Rf2 Rd7 31. Rfd2 Rxd3 32. Rxd3 Qc4 33. Bf1 Qa2+ 34.
Rd2 Qxa3 35. Qa7 Qc1 36. Rd3 Rd8 0-1

[Event "4NCL Division 1 & 2"]
[Site "Milton Keynes, ENG"]
[Date "2021.11.27"]
[Round "1.58"]
[White "Foster, Chantelle L"]
[Black "Pardoe, David"]
[Result "1-0"]
[WhiteElo "1806"]
[BlackElo "1705"]
[PlyCount "115"]
[EventDate "2021.11.27"]
[WhiteTeam "Cheddleton"]
[BlackTeam "Manchester Manticores 1"]

1. e4 d5 2. exd5 Qxd5 3. Nc3 Qa5 4. d4 c6 5. Bc4 Bf5 6. Bd2 Qc7 7. Nf3 e6 8.
Qe2 Nf6 9. d5 cxd5 10. Nxd5 Nxd5 11. Bxd5 Nd7 12. Nd4 Qe5 13. Qxe5 Nxe5 14.
Nxf5 exd5 15. O-O O-O-O 16. Bf4 f6 17. Rfe1 g6 18. Nd4 Bd6 19. Bg3 Rhe8 20.
Rad1 a6 21. Kf1 Kb8 22. f4 Nc4 23. Ne6 Nxb2 24. Nxd8 Rxd8 25. Rxd5 f5 26. Bf2
Na4 27. Red1 Kc7 28. R5d4 b5 29. g3 Nc3 30. Be1 Nxd1 31. Ba5+ Kc8 32. Bxd8 Ne3+
33. Ke2 Nc4 34. Bf6 Kc7 35. a4 Bc5 36. Rd3 b4 37. a5 Kc6 38. Bd8 Na3 39. h3
Nxc2 40. Bf6 Kb5 41. Bd8 Nd4+ 42. Kd2 Kc4 43. Bb6 h6 44. g4 fxg4 45. hxg4 Ne6
46. f5 gxf5 47. gxf5 Ng5 48. Rd7 b3 49. Rc7 Ne4+ 50. Kc1 Kd5 51. Bxc5 Nxc5 52.
f6 Ne6 53. f7 Kd6 54. Ra7 Nf8 55. Rxa6+ Ke7 56. Ra7+ Kf6 57. Ra8 Kxf7 58. Rxf8+
1-0

[Event "4NCL Division 1 & 2"]
[Site "Milton Keynes, ENG"]
[Date "2021.11.27"]
[Round "1.61"]
[White "Moreby, James"]
[Black "Turner, Max N"]
[Result "1-0"]
[WhiteElo "2434"]
[BlackElo "2219"]
[PlyCount "111"]
[EventDate "2021.11.27"]
[WhiteTeam "The Sharks 1"]
[BlackTeam "North East England"]

1. c4 e6 2. g3 d5 3. Bg2 g6 4. h4 h5 5. Qb3 c6 6. d3 Bg7 7. Nc3 Ne7 8. Nf3 O-O
9. Bf4 Re8 10. O-O Nd7 11. Rfd1 Qb6 12. Qc2 Nf6 13. Na4 Qd8 14. Be5 Ng4 15.
Bxg7 Kxg7 16. Qc3+ Kg8 17. e4 Qd6 18. Re1 Rd8 19. c5 Qc7 20. b4 e5 21. Nb2 Be6
22. Ng5 d4 23. Qc2 Qd7 24. Nxe6 Qxe6 25. Bh3 Ne3 26. Rxe3 Qxh3 27. Ree1 Kh7 28.
Nc4 f6 29. Qe2 Rg8 30. a4 Rg7 31. Qf3 Qe6 32. Kg2 Rf8 33. Qe2 Ng8 34. Rab1 Nh6
35. Rf1 Ng4 36. f4 Rfg8 37. Rf3 Qe7 38. Rbf1 b5 39. cxb6 axb6 40. b5 cxb5 41.
axb5 Qc5 42. Qb2 Ra8 43. fxe5 fxe5 44. Rf7 Ra4 45. Rxg7+ Kxg7 46. Ra1 Rxc4 47.
dxc4 Qxc4 48. Kg1 Qd3 49. Qa3 Qxa3 50. Rxa3 Nf6 51. Ra6 Nxe4 52. Rxb6 Nc3 53.
Rb7+ Kf6 54. b6 d3 55. Rd7 Ne2+ 56. Kf2 1-0

[Event "4NCL Division 1 & 2"]
[Site "Milton Keynes, ENG"]
[Date "2021.11.27"]
[Round "1.62"]
[White "Dargan, Paul A G"]
[Black "Batchelor, Peter J"]
[Result "1/2-1/2"]
[WhiteElo "2121"]
[BlackElo "2378"]
[PlyCount "184"]
[EventDate "2021.11.27"]
[WhiteTeam "North East England"]
[BlackTeam "The Sharks 1"]

1. e4 c6 2. d4 d5 3. exd5 cxd5 4. Nf3 Nf6 5. Ne5 Nc6 6. Bb5 Bd7 7. Nxd7 Qxd7 8.
c3 e6 9. O-O Bd6 10. Nd2 O-O 11. Re1 Qc7 12. g3 a6 13. Bd3 b5 14. a3 e5 15.
dxe5 Nxe5 16. Nf3 Nc4 17. Qc2 Bc5 18. Bg5 Qd6 19. Bf4 Qb6 20. h3 Rfe8 21. Kg2
Qc6 22. Nd4 Bxd4 23. cxd4 Rac8 24. b3 Rxe1 25. Rxe1 Nxa3 26. Qd2 Nc4 27. Qa2
Ra8 28. Rc1 Qb7 29. f3 Nb6 30. Rc7 Qb8 31. Rxf7 Qe8 32. Rc7 Nbd7 33. Qc2 Qe1
34. Rc8+ Rxc8 35. Qxc8+ Kf7 36. Qxa6 Nh5 37. Qd6 Ndf6 38. Bxb5 Nxf4+ 39. Qxf4
Qc3 40. Qe5 Qxb3 41. Be2 Qc3 42. Kf2 h6 43. h4 Qa1 44. Qe3 Kf8 45. Qd2 Kf7 46.
Kg2 h5 47. Bd3 Qa7 48. Bc2 Qb6 49. Bf5 Ng8 50. Bc2 Ne7 51. Qd3 Qb2 52. Kh3 Qc1
53. Kg2 Qb2 54. Qd2 Nf5 55. Kh3 Qxd4 56. Qg5 Ne3 57. Bg6+ Ke6 58. Bxh5 Qd2 59.
Qg6+ Ke7 60. Qxg7+ Kd6 61. Qf8+ Kc7 62. Qe7+ Kb6 63. Qd6+ Kb7 64. Qd7+ Kb6 65.
Qd6+ Kb5 66. Be8+ Kc4 67. Qa6+ Kb3 68. Qb6+ Ka2 69. Qa7+ Kb2 70. Qb8+ Kc1 71.
h5 Qg2+ 72. Kh4 Qxf3 73. Qf4 Qe2 74. Bb5 Qd2 75. Kg5 d4 76. h6 Qa5 77. Qxd4
Qxb5+ 78. Kg6 Qe8+ 79. Kh7 Qe6 80. Qf4 Kc2 81. Qa4+ Kc3 82. Qa1+ Kb4 83. Qb2+
Kc5 84. Qa3+ Kb5 85. Qd3+ Nc4 86. Qb1+ Kc5 87. Qg6 Qd7+ 88. Qg7 Qd8 89. g4 Qd3+
90. Qg6 Qd7+ 91. Qg7 Qd3+ 92. Qg6 Qd7+ 1/2-1/2

[Event "4NCL Division 1 & 2"]
[Site "Milton Keynes, ENG"]
[Date "2021.11.27"]
[Round "1.63"]
[White "Roberson, Peter T"]
[Black "Henderson, David"]
[Result "1-0"]
[WhiteElo "2421"]
[BlackElo "2124"]
[PlyCount "64"]
[EventDate "2021.11.27"]
[WhiteTeam "The Sharks 1"]
[BlackTeam "North East England"]

1. e4 e5 2. Nf3 Nc6 3. Bb5 a6 4. Ba4 Nf6 5. O-O Be7 6. Re1 b5 7. Bb3 d6 8. c3
O-O 9. h3 Re8 10. d4 Bd7 11. Nbd2 g6 12. Ng5 Rf8 13. Nf1 Na5 14. Bc2 c6 15. Nf3
Qc7 16. Ng3 Rfe8 17. Nh2 Bf8 18. Bg5 Kg7 19. f4 Ng8 20. fxe5 dxe5 21. b3 f6 22.
Bh4 Be6 23. Qf3 Bd6 24. Ng4 Rf8 25. Rf1 Be7 26. Kh1 Rad8 27. Ne2 c5 28. dxc5
Qb7 29. b4 Nc4 30. Rfd1 Bxg4 31. hxg4 Nh6 32. Rd5 Nxg4 1-0

[Event "4NCL Division 1 & 2"]
[Site "Milton Keynes, ENG"]
[Date "2021.11.27"]
[Round "1.64"]
[White "Oyama, Akito"]
[Black "Rendle, Thomas E"]
[Result "1/2-1/2"]
[WhiteElo "2197"]
[BlackElo "2365"]
[PlyCount "130"]
[EventDate "2021.11.27"]
[WhiteTeam "North East England"]
[BlackTeam "The Sharks 1"]

1. e4 e6 2. d4 d5 3. Nc3 Bb4 4. Nge2 dxe4 5. a3 Bxc3+ 6. Nxc3 Nc6 7. d5 exd5 8.
Qxd5 Be6 9. Qxe4 Nf6 10. Qh4 Qe7 11. Be2 O-O-O 12. Be3 Nd5 13. Qxe7 Ndxe7 14.
O-O Nd4 15. Bxd4 Rxd4 16. Nb5 Rd2 17. Bd3 Bf5 18. Rfd1 Rxd1+ 19. Rxd1 Bxd3 20.
Rxd3 Nc6 21. f3 Rd8 22. Rxd8+ Kxd8 23. a4 a6 24. Na3 Kd7 25. Kf2 Kd6 26. Ke3
Kd5 27. c3 Na5 28. Kd3 Nb3 29. Kc2 Nc5 30. b3 b6 31. Nc4 a5 32. g3 h5 33. Nb2
g5 34. Nd3 Ne6 35. Kd2 c6 36. Ke3 b5 37. f4 f6 38. fxg5 fxg5 39. h4 gxh4 40.
gxh4 bxa4 41. bxa4 Nc5 42. Nxc5 Kxc5 43. Kf4 Kc4 44. Kg5 Kxc3 45. Kxh5 Kb3 46.
Kg4 c5 47. h5 c4 48. h6 c3 49. h7 c2 50. h8=Q c1=Q 51. Qd4 Qc8+ 52. Kf3 Qh3+
53. Ke2 Qg2+ 54. Kd3 Qc2+ 55. Ke3 Qc1+ 56. Kd3 Qf1+ 57. Kd2 Qg2+ 58. Kd3 Qc2+
59. Ke3 Qc6 60. Qd1+ Kb4 61. Qd4+ Qc4 62. Qxc4+ Kxc4 63. Kd2 Kb3 64. Kc1 Kxa4
65. Kb2 Kb4 1/2-1/2

[Event "4NCL Division 1 & 2"]
[Site "Milton Keynes, ENG"]
[Date "2021.11.27"]
[Round "1.65"]
[White "Holland, James P"]
[Black "Dunn, Andrew"]
[Result "1-0"]
[WhiteElo "2380"]
[BlackElo "2148"]
[PlyCount "79"]
[EventDate "2021.11.27"]
[WhiteTeam "The Sharks 1"]
[BlackTeam "North East England"]

1. e4 c6 2. c4 d5 3. exd5 cxd5 4. cxd5 Nf6 5. Nc3 Nxd5 6. Nf3 Nc6 7. Bc4 e6 8.
O-O Be7 9. d4 O-O 10. Re1 Bf6 11. Bb3 b6 12. Nxd5 exd5 13. Ne5 Ne7 14. Qf3 Be6
15. Bf4 Rc8 16. Re2 Nf5 17. Qd3 Nd6 18. Rae1 b5 19. g4 Nc4 20. h3 g6 21. Bc1
Re8 22. f4 Qb6 23. Kf1 Nd6 24. Qg3 Ne4 25. Rxe4 dxe4 26. d5 Bxd5 27. Nd7 Qc6
28. Nxf6+ Qxf6 29. Bxd5 Rc5 30. Qb3 Rd8 31. g5 Qf5 32. Bxe4 Qd7 33. Be3 Rc7 34.
Kg2 Re8 35. Bf3 Qc8 36. Re2 a6 37. Kg3 Rce7 38. Rc2 Qd8 39. Bf2 Rc7 40. Bb6 1-0

[Event "4NCL Division 1 & 2"]
[Site "Milton Keynes, ENG"]
[Date "2021.11.27"]
[Round "1.66"]
[White "Longson, Sarah N"]
[Black "Makkar, Rajat"]
[Result "0-1"]
[WhiteElo "2185"]
[BlackElo "2308"]
[PlyCount "76"]
[EventDate "2021.11.27"]
[WhiteTeam "North East England"]
[BlackTeam "The Sharks 1"]

1. e4 c6 2. d4 d5 3. f3 dxe4 4. fxe4 e5 5. Nf3 Bg4 6. Bc4 Nd7 7. O-O Ngf6 8. c3
Bd6 9. Be3 O-O 10. Nbd2 Qc7 11. Qc2 b5 12. Bd3 a6 13. a4 Rab8 14. axb5 axb5 15.
Ra2 c5 16. Rfa1 Rfc8 17. Ra7 Qd8 18. Qb1 cxd4 19. cxd4 exd4 20. Bxd4 Bc5 21.
Bxc5 Nxc5 22. Bc2 Qb6 23. Kh1 Bxf3 24. Nxf3 Na4 25. e5 Ng4 26. Rd7 Nf2+ 27. Kg1
Ne4+ 28. Nd4 Rd8 29. Rxd8+ Rxd8 30. Bxe4 Qxd4+ 31. Kf1 Nxb2 32. Bxh7+ Kh8 33.
Qe4 g6 34. Qxd4 Rxd4 35. e6 Kxh7 36. e7 Rf4+ 37. Kg1 Re4 38. Rb1 Nd3 0-1

[Event "4NCL Division 1 & 2"]
[Site "Milton Keynes, ENG"]
[Date "2021.11.27"]
[Round "1.67"]
[White "Dong, Bao Nghia"]
[Black "Lampard, Alice"]
[Result "1-0"]
[WhiteElo "2328"]
[BlackElo "2005"]
[PlyCount "81"]
[EventDate "2021.11.27"]
[WhiteTeam "The Sharks 1"]
[BlackTeam "North East England"]

1. d4 Nf6 2. c4 g6 3. Nc3 d5 4. cxd5 Nxd5 5. g3 Bg7 6. Bg2 Nb6 7. Nf3 O-O 8.
O-O Nc6 9. e3 e6 10. h3 Qe7 11. a4 a5 12. b3 Re8 13. Ba3 Qd8 14. Rc1 Nd5 15.
Nb5 Bf8 16. Bxf8 Rxf8 17. e4 Ndb4 18. Qd2 Na6 19. e5 Kg7 20. Rfe1 Ncb4 21. Re4
h6 22. Nh2 h5 23. g4 Rh8 24. Rf4 Rb8 25. Rf6 Bd7 26. Rc3 Bc6 27. Bxc6 bxc6 28.
Rcf3 Rf8 29. gxh5 Nd5 30. Ng4 Ne7 31. Qh6+ Kg8 32. hxg6 Nxg6 33. Rxg6+ fxg6 34.
Qxg6+ Kh8 35. Qh6+ Kg8 36. Qxe6+ Kh8 37. Qh6+ Kg8 38. Nf6+ Rxf6 39. exf6 Qf8
40. Qg6+ Kh8 41. Rf5 1-0

[Event "4NCL Division 1 & 2"]
[Site "Milton Keynes, ENG"]
[Date "2021.11.27"]
[Round "1.68"]
[White "Moreby, Kurt"]
[Black "Williams, Samuel G"]
[Result "0-1"]
[WhiteElo "1661"]
[BlackElo "2228"]
[PlyCount "104"]
[EventDate "2021.11.27"]
[WhiteTeam "North East England"]
[BlackTeam "The Sharks 1"]

1. d4 d5 2. c4 c6 3. cxd5 cxd5 4. Nc3 Nc6 5. Bf4 Nf6 6. e3 a6 7. h3 Qb6 8. Qd2
e6 9. a3 Na5 10. Na4 Qd8 11. Qc2 Nc4 12. Bd3 Bd7 13. Nc3 Rc8 14. Nf3 Qb6 15.
Rb1 Qa5 16. Bxc4 Rxc4 17. O-O Be7 18. Ne5 Rc8 19. Nxd7 Nxd7 20. Qb3 b5 21. Rfc1
O-O 22. Na2 Rc4 23. Rxc4 dxc4 24. Qc3 Qb6 25. Rd1 Nf6 26. Bh2 Rc8 27. Qe1 Qb7
28. f3 Qb6 29. Bg3 a5 30. Bf2 b4 31. axb4 axb4 32. e4 Qb5 33. Qd2 Qa4 34. Nc1
c3 35. bxc3 bxc3 36. Qd3 Ba3 37. Be3 Bb2 38. d5 exd5 39. exd5 Rd8 40. d6 Ba3
41. Re1 Qc6 42. Ne2 Nd5 43. Nd4 Qb6 44. Rb1 Bb2 45. Bc1 Nb4 46. Qe3 Qxd6 47.
Bxb2 cxb2 48. Re1 g6 49. Nb5 Qd3 50. Qxd3 Nxd3 51. Rd1 Rc8 52. Kh2 Rc1 0-1

[Event "4NCL Division 1 & 2"]
[Site "Milton Keynes, ENG"]
[Date "2021.11.27"]
[Round "1.71"]
[White "Ahluwalia, Amardip"]
[Black "Czopor, Maciej"]
[Result "1/2-1/2"]
[WhiteElo "2238"]
[BlackElo "2427"]
[PlyCount "220"]
[EventDate "2021.11.27"]
[WhiteTeam "The ADs"]
[BlackTeam "Wood Green Youth"]

1. c4 e5 2. g3 Nf6 3. Bg2 c6 4. Nf3 e4 5. Nd4 Qb6 6. Nc2 d5 7. cxd5 cxd5 8. d3
Nc6 9. O-O Be7 10. Nc3 O-O 11. Ne3 Rd8 12. dxe4 dxe4 13. Ned5 Nxd5 14. Nxd5 Qc5
15. Nxe7+ Qxe7 16. Qc2 Bf5 17. Be3 Rac8 18. Qa4 Qe5 19. b3 Rd5 20. b4 Qb2 21.
Qb3 Qxb3 22. axb3 a6 23. Rac1 Rcd8 24. Rc4 Rd1 25. Bxe4 b5 26. Bxf5 bxc4 27.
bxc4 Nxb4 28. Bb6 Rxf1+ 29. Kxf1 Rd1+ 30. Kg2 Rc1 31. c5 Kf8 32. Be4 Ke8 33.
Ba5 Na2 34. Bb7 Rxc5 35. Bb6 Rb5 36. Bc6+ Ke7 37. Bxb5 axb5 38. Bd4 g6 39. Kf3
Kd6 40. e4 Nb4 41. Ke2 Nc6 42. Kd3 b4 43. f4 f5 44. Bg7 Kc5 45. Bf8+ Kb5 46.
exf5 gxf5 47. h3 h5 48. Bd6 Ka4 49. Kc4 b3 50. Kc3 Nd4 51. Kb2 Nf3 52. g4 Nd2
53. Bc5 Nc4+ 54. Kb1 Kb5 55. Bd4 fxg4 56. hxg4 hxg4 57. f5 Kc6 58. f6 Kd7 59.
Kc1 g3 60. Kd1 g2 61. Kc1 Ke6 62. Kb1 Kf7 63. Kc1 Kg6 64. Kb1 Ne5 65. Kb2 Kxf6
66. Kxb3 Kf5 67. Bg1 Ke4 68. Kc3 Ng4 69. Kd2 Kf3 70. Ke1 Ne3 71. Kd2 Nf1+ 72.
Ke1 Ng3 73. Kd2 Ne2 74. Bb6 Nf4 75. Ba7 Nd5 76. Bg1 Nf6 77. Kd1 Ne4 78. Ke1 Nd6
79. Kd2 Nf7 80. Kd1 Ng5 81. Ke1 Nh3 82. Ba7 Nf4 83. Bg1 Nd3+ 84. Kd2 Nf2 85.
Ke1 Ne4 86. Ba7 Ng3 87. Bg1 Nh5 88. Ba7 Nf6 89. Bg1 Ng4 90. Kd2 Ne5 91. Kd1 Nc4
92. Ke1 Nd6 93. Kd2 Ne4+ 94. Ke1 Nc3 95. Kd2 Ne2 96. Bb6 Nf4 97. Ba7 Ng6 98.
Bg1 Ne5 99. Ke1 Nc6 100. Kd2 Ne7 101. Ke1 Nd5 102. Kd2 Kg3 103. Ke1 Nf4 104.
Ba7 Kf3 105. Bg1 Nd3+ 106. Kd2 Nb2 107. Ke1 Nc4 108. Kd1 Kg4 109. Ke2 Kg3 110.
Ke1 Ne5 1/2-1/2

[Event "4NCL Division 1 & 2"]
[Site "Milton Keynes, ENG"]
[Date "2021.11.27"]
[Round "1.72"]
[White "Horton, Andrew P"]
[Black "Bradbury, Neil H"]
[Result "0-1"]
[WhiteElo "2375"]
[BlackElo "2224"]
[PlyCount "92"]
[EventDate "2021.11.27"]
[WhiteTeam "Wood Green Youth"]
[BlackTeam "The ADs"]

1. d4 Nf6 2. c4 e6 3. g3 Bb4+ 4. Bd2 Bxd2+ 5. Nxd2 d6 6. Bg2 Nc6 7. e3 e5 8. d5
Nb8 9. Qc2 a5 10. Ne2 O-O 11. Nc3 Na6 12. O-O Nc5 13. b3 Ng4 14. h3 Nh6 15. a3
f5 16. f4 Qe7 17. Nf3 Bd7 18. Rab1 Rae8 19. fxe5 dxe5 20. b4 axb4 21. axb4 Ne4
22. Nxe4 fxe4 23. Nd2 Nf5 24. Nxe4 Nxe3 25. Rxf8+ Rxf8 26. Qe2 Nxg2 27. Kxg2
Bf5 28. Rb3 b5 29. Nf2 bxc4 30. Qxc4 Qf7 31. Rb2 Bc8 32. Qe4 Bb7 33. Rd2 Rd8
34. Qxe5 Bxd5+ 35. Kg1 c6 36. Qf4 Qe6 37. Kh2 Rf8 38. Qd4 Qe1 39. g4 Qf1 40.
Ne4 Qf4+ 41. Ng3 Qxd4 42. Rxd4 Rf2+ 43. Kg1 Rg2+ 44. Kf1 Rxg3 45. h4 Rc3 46. b5
Bc4+ 0-1

[Event "4NCL Division 1 & 2"]
[Site "Milton Keynes, ENG"]
[Date "2021.11.27"]
[Round "1.73"]
[White "Richardson, John R"]
[Black "Derakhshani, Borna"]
[Result "1/2-1/2"]
[WhiteElo "2261"]
[BlackElo "2353"]
[PlyCount "130"]
[EventDate "2021.11.27"]
[WhiteTeam "The ADs"]
[BlackTeam "Wood Green Youth"]

1. e4 c6 2. Nc3 d5 3. Nf3 dxe4 4. Nxe4 Nf6 5. Nxf6+ exf6 6. d4 Bd6 7. Be2 O-O
8. O-O Re8 9. c4 Bg4 10. Be3 Nd7 11. Qd2 Nf8 12. Rad1 Ng6 13. h3 Bf5 14. Rfe1
a5 15. a3 a4 16. c5 Bc7 17. Qc1 Qd7 18. Bf1 Be6 19. Nh2 Re7 20. Bc4 Bxh3 21. d5
cxd5 22. Rxd5 Qc8 23. gxh3 Qxh3 24. Rd6 Nh4 25. Bf1 Qf5 26. Qd1 h5 27. Qd3 Re4
28. Bd2 Rxe1 29. Bxe1 Qg5+ 30. Kh1 Qxc5 31. Rd5 Qc6 32. f3 Ng6 33. Qc4 Qe6 34.
Rc5 Qxe1 35. Rxc7 Ne5 36. Rc8+ Rxc8 37. Qxc8+ Kh7 38. Qxb7 f5 39. Qb5 g5 40.
Qxa4 Nxf3 41. Qd7 Qe4 42. Qd3 Nd4+ 43. Qxe4 fxe4 44. a4 Nc6 45. Bb5 Nb4 46. a5
f5 47. a6 Nd5 48. Nf1 f4 49. b4 e3 50. a7 Nb6 51. Kg2 Kg6 52. Kf3 Kf5 53. Nxe3+
fxe3 54. Kxe3 Ke5 55. Bc6 Kd6 56. a8=Q Nxa8 57. Bxa8 Kc7 58. Bd5 Kb6 59. Bc4 h4
60. Kf3 h3 61. Kg3 g4 62. Bf1 Kc6 63. b5+ Kc5 64. Bxh3 gxh3 65. Kxh3 Kxb5
1/2-1/2